00780cam a22002531 4500001001300000003000400013005001700017008004100034010001700075035002000092040004400112042001200156050001500168082001200183100002800195245009300223260004400316300001800360440005600378504003300434650001600467650002600483999001700509sd 41000080 DLC20260227112734.0920709s1940 gw b 000 0 ger c asd 41000080  a(OCoLC)26158124 aU.S. Dept. of state. Libr.cCUdCUdDLC apremarc00aJA44b.B37 a940.3251 aRogge, Heinrich,d1886-14aDie neutralen und Deutschland;bvom wesen der neutralität,cvon dr. Heinrich Rogge ... aBerlin,bJunker und Dünnhaupt,c1940. a40 p.c24 cm. 0aSchriften für politik und auslandskunde,vhft. 54 a"Zum schrifttum" : p. 39-40. 0aNeutrality. 0aWorld War, 1939-1945. c89879d89879